000 01032nam a2200205Ia 4500
003 Ost
005 20260507075639.0
008 260507s9999||||xx |||||||||||||| ||und||
040 _cfsecg
041 _aara
082 _a657.42
100 _aمرعي، عبد الحي
_eمؤلف
245 0 _aفي محاسبة التكاليف لأغراض قياس تكلفة الإنتاج /
_c عبد الحي مرعي
260 _aالإسكندرية:
_bدار المطبوعات الجامعية,
_c1998
300 _a397 صفحة؛
_bإيضاحات ؛
_c24 سم
520 _aفي ماهية التكلفة ومضمونها وأغراض وأسس قياسها ،ماهية التكلفة ،أغراض وأسس قياس التكلفة،طبيعة الصناعة وعناصر تكلفة الانتاج،أنظمة تكاليف االمراحل،تخصيص التكلفة المشتركة في المنتجات المتصلة والفرعية
653 _aالانتاج
653 _aمحاسبة التكاليف
942 _cكتاب
999 _c45358
_d45358